[Event "Internet Section 06A g/8'+2\""]
[Site "Dos Hermanas"]
[Date "2004.03.06"]
[Round "5"]
[White "Christy, David"]
[Black "Chiessi, Giampaolo"]
[Result "0-1"]
[WhiteElo "1019"]
[BlackElo "1505"]
[PlyCount "88"]
[EventDate "2004.03.06"]
[EventType "swiss (blitz)"]
[EventRounds "9"]
[EventCountry "ESP"]
[SourceTitle "CBM 099 Extra"]
[Source "ChessBase"]
[SourceDate "2004.05.04"]
[SourceVersion "1"]
[SourceVersionDate "2004.05.04"]
[SourceQuality "1"]

1. e4 e6 2. d3 d5 3. e5 c5 4. c3 Nc6 5. Nf3 Nge7 6. d4 cxd4 7. cxd4 Nf5 8. Bb5 Qa5+ 9. Nc3 Bd7 10. Bd2 Bb4 11. Bxc6 Bxc6 12. a3 Bxc3 13. Bxc3 Qb6 14. Qd2 0-0 15. Ba5 Qa6 16. Bb4 Rfc8 17. g3 Ba4 18. Rc1 Rxc1+ 19. Qxc1 Qd3 20. Qd2 Qxf3 21. Rf1 Rc8 22. Bc5 b6 23. Qe2 Qxe2+ 24. Kxe2 Bb5+ 25. Ke1 Bxf1 26. Kxf1 bxc5 27. g4 Nxd4 28. f4 Rb8 29. f5 Rxb2 30. f6 Rxh2 31. Kg1 Ra2 32. fxg7 Kxg7 33. g5 c4 34. Kf1 c3 35. Ke1 c2 36. Kd2 Ra1 37. a4 c1Q+ 38. Kd3 Qc4+ 39. Ke3 Re1+ 40. Kf4 Qf1+ 41. Kg3 Re3+ 42. Kh4 Nf5+ 43. Kg4 Qg2+ 44. Kf4 Qf3# 0-1

[Event "Internet Section 06B g/8'+2\""]
[Site "Dos Hermanas"]
[Date "2004.03.06"]
[Round "4"]
[White "Christy, David"]
[Black "Dragne, Daniel"]
[Result "1-0"]
[WhiteElo "1049"]
[BlackElo "972"]
[PlyCount "67"]
[EventDate "2004.03.06"]
[EventType "swiss (blitz)"]
[EventRounds "9"]
[EventCountry "ESP"]
[SourceTitle "CBM 099 Extra"]
[Source "ChessBase"]
[SourceDate "2004.05.04"]
[SourceVersion "1"]
[SourceVersionDate "2004.05.04"]
[SourceQuality "1"]

1. e4 e5 2. Qh5 Nf6 3. Qxe5+ Be7 4. Bc4 Nc6 5. Qg5 d5 6. Qxg7 Rg8 7. Qh6 dxc4 8. h3 Nxe4 9. Qxh7 Nf6 10. Qh4 Be6 11. Nf3 Nb4 12. 0-0 Ne4 13. Qxe4 c6 14. a3 Nd5 15. Qh7 Nf6 16. Qh4 Qd5 17. Nc3 Qd6 18. d3 cxd3 19. Bf4 Qd7 20. cxd3 0-0-0 21. Bg5 Rg6 22. Ne5 Qxd3 23. Nxd3 Rxd3 24. Bxf6 Bxf6 25. Qb4 b5 26. Qf8+ Kc7 27. Rad1 Bc4 28. Ne4 Bg7 29. Qe7+ Kb6 30. Rxd3 Bxd3 31. Qc5+ Kc7 32. Qxa7+ Kd8 33. Nc5 Bxf1 34. Qd7# 1-0

[Event "Internet Section 06A g/8'+2\""]
[Site "Dos Hermanas"]
[Date "2004.03.06"]
[Round "2"]
[White "Christy, David"]
[Black "Sandoval Huertas, German Giovanni"]
[Result "0-1"]
[WhiteElo "1022"]
[BlackElo "1686"]
[PlyCount "68"]
[EventDate "2004.03.06"]
[EventType "swiss (blitz)"]
[EventRounds "9"]
[EventCountry "ESP"]
[SourceTitle "CBM 099 Extra"]
[Source "ChessBase"]
[SourceDate "2004.05.04"]
[SourceVersion "1"]
[SourceVersionDate "2004.05.04"]
[SourceQuality "1"]

1. e4 c5 2. d3 d6 3. h3 Nc6 4. c3 Nf6 5. Qf3 e5 6. Be2 b5 7. Qg3 Rb8 8. Nf3 Nh5 9. Qh2 g6 10. g4 Ng7 11. Bg5 Be7 12. Bh6 Ne6 13. Nfd2 b4 14. c4 Ncd4 15. Bd1 Bg5 16. Bxg5 Qxg5 17. h4 Qf4 18. Qxf4 Nxf4 19. Ba4+ Ke7 20. a3 Nxd3+ 21. Kf1 Nxb2 22. axb4 Rxb4 23. Nc3 Rb7 24. Nd5+ Kf8 25. Rb1 Nxa4 26. Rxb7 Bxb7 27. Nf6 Ke7 28. g5 Nc3 29. Rh3 Nce2 30. Nf3 Nf4 31. Rg3 Rb8 32. Nxd4 cxd4 33. Rb3 d3 34. Ng4 d2 0-1

[Event "Internet Section 06B g/8'+2\""]
[Site "Dos Hermanas"]
[Date "2004.03.06"]
[Round "1"]
[White "Samadian, Sahand"]
[Black "Christy, David"]
[Result "1-0"]
[WhiteElo "2023"]
[BlackElo "1036"]
[PlyCount "61"]
[EventDate "2004.03.06"]
[EventType "swiss (blitz)"]
[EventRounds "9"]
[EventCountry "ESP"]
[SourceTitle "CBM 099 Extra"]
[Source "ChessBase"]
[SourceDate "2004.05.04"]
[SourceVersion "1"]
[SourceVersionDate "2004.05.04"]
[SourceQuality "1"]

1. d4 e6 2. c4 Nf6 3. Nf3 b6 4. g3 Bb7 5. Bg2 Nc6 6. 0-0 Ng4 7. b3 g6 8. Bb2 Nb4 9. Nbd2 Bh6 10. h3 Bxf3 11. Bxf3 Nf6 12. Bxa8 Qxa8 13. e3 Ne4 14. Qf3 f5 15. Nxe4 fxe4 16. Qf6 Bg7 17. Qxg7 Rf8 18. Ba3 c5 19. Bxb4 cxb4 20. Qxh7 Qd8 21. Qxg6+ Rf7 22. d5 Qc8 23. dxe6 dxe6 24. Rad1 Ke7 25. Rd4 Rf6 26. Qxe4 Qa6 27. Rfd1 Qa3 28. Qh7+ Rf7 29. Rd7+ Kf6 30. Qxf7+ Ke5 31. Qf4# 1-0